Figure out the lyrics (5) Quiz Stats

 Plays Quiz not verified by Sporcle

Score 0/196 Timer 15:00
0 Plays Today
% Correct
the
98.8%
a
98.8%
the
98.8%
a
98.8%
and
98.8%
and
98.8%
the
98.8%
the
98.8%
and
98.8%
and
98.8%
and
98.8%
the
98.8%
a
98.8%
and
98.8%
and
98.8%
the
98.8%
the
98.8%
you.
93%
you,
93%
you
93%
you
93%
I
92.7%
I
92.7%
I
92.7%
I
92.7%
I
92.7%
I
92.7%
I
92.7%
in
81.9%
in
81.9%
in
81.9%
in
81.9%
in
81.9%
me
80.7%
me
80.7%
me.
80.7%
me
80.7%
be
80.7%
me
80.7%
me.
80.7%
be
80.7%
me
80.7%
We
78.9%
we
78.9%
we
78.9%
is
75.7%
can
74.9%
at
74.3%
of
73.4%
of
73.4%
So
70.2%
so
70.2%
When
68.4%
my
67.3%
my
67.3%
Oh no no
64%
She
63.5%
who
63.5%
If
62.3%
are
61.1%
at
58.8%
at
58.8%
at
58.8%
at
58.8%
at
58.8%
you.
56.7%
% Correct
this
55%
this
55%
all
55%
this
55%
all
55%
was
54.4%
was
54.4%
i'm
51.5%
some
50.9%
want
50.6%
know
46.5%
look
45.9%
up
45.6%
up
45.6%
with
43%
would
42.4%
looking
41.5%
down
38.3%
down
38.3%
girl.
36.8%
them
36.8%
never
36.8%
his
35.1%
Man,
33.9%
Well
32.2%
well
32.2%
come
29.8%
loves
29.2%
knew
28.4%
looking
27.8%
looking
27.8%
She's
27.2%
someone
26.9%
something
26%
She's
25.1%
She's
25.1%
She's
25.1%
new
23.4%
tell
23.1%
Yeah.
22.8%
Yeah
22.8%
Yeah
22.8%
Sha la la la la la la
22.5%
very,
21.3%
very
21.3%
wish
20.2%
wanna
20.2%
Believe
18.7%
believe
18.7%
dance
18.4%
show
17.3%
gonna
17.3%
beautiful.
17%
beautiful.
17%
beautiful.
17%
beautiful
17%
women.
17%
beautiful
17%
into
17%
beautiful
17%
other
16.7%
women.
16.7%
black
16.4%
black,
16.4%
through
16.1%
through
16.1%
% Correct
anything.
15.5%
Cause
15.5%
Mr. Jones
14.9%
Mr. Jones
14.9%
Mr. Jones
14.9%
Mr. Jones
14.9%
staring
14.6%
stare
14.6%
everybody
14.6%
play.
14.6%
stare
14.6%
yellow
14.3%
Help
14%
while
13.7%
blue,
13.2%
felt
13.2%
each
12.9%
red,
12.9%
haired
12.6%
haired
12.6%
lonely.
12.6%
strikes
11.1%
conversation
11.1%
color.
11.1%
morning.
10.8%
dances
10.5%
dances.
10.5%
gray.
10.5%
gray
10.5%
gray
10.5%
myself
9.9%
myself
9.9%
Amsterdam
9.6%
guitar.
9.6%
guitar
9.6%
dancer.
9.4%
believes
9.4%
favorite
9.4%
buy
9.4%
Coming
9.1%
flamenco
8.8%
suddenly
8.8%
colors
8.5%
plays
7.9%
spanish
7.9%
yesterday.
7.9%
father
7.6%
bright
7.6%
Pass
7%
lights
7%
paint
7%
Paint
7%
bottle
6.7%
fairytales
6.7%
symbolic
6.7%
stereo.
6.4%
picture.
6.4%
Picasso
6.4%
meaningful.
6.1%
future.
5.6%
silence
5.3%
Smiling
5%
Maria
4.7%
Cut
4.1%

You're not logged in!

Compare scores with friends on all Sporcle quizzes.
OR
Log In

Show Comments

Extras

Top Quizzes Today


Score Distribution

Your Account Isn't Verified!

In order to create a playlist on Sporcle, you need to verify the email address you used during registration. Go to your Sporcle Settings to finish the process.

Report this User

Report this user for behavior that violates our Community Guidelines.

Details: